Più vicino a Torino o Bari? - Statistics

Statistiche generali
  • Questo quiz è stato fatto 214 volte
  • Il punteggio medio è 24 su 30
Statistiche sulle risposte
Hint Risposta % Corretto
Napoli Bari
94%
Lecce Bari
94%
Aosta Torino
94%
Foggia Bari
93%
Milano Torino
93%
Bologna Torino
93%
Potenza Bari
92%
Trapani Bari
92%
Messina Bari
92%
Ferrara Torino
92%
Trieste Torino
92%
Cuneo Torino
92%
Vicenza Torino
91%
L'Aquila Bari
88%
Roma Bari
86%
Siena Torino
84%
Cesena Torino
82%
Rimini Torino
81%
Terni Bari
77%
Rieti Bari
76%
Arezzo Torino
75%
Chieti Bari
73%
Grosseto Torino
72%
Viterbo Bari
68%
Fermo Bari
65%
Sassari Torino
62%
Ancona Bari
59%
Urbino Torino
53%
Perugia Bari
46%
Cagliari Torino
45%
Nessun quiz corrispondente trovato
Distribuzione punteggi
Percentuale di utenti per punteggio
Percentile per numero di risposta
I tuoi punteggi nel tempo
Non hai fatto questo quiz